| 000 | 00642nam a22002417a 4500 | ||
|---|---|---|---|
| 003 | UA-OsUOA | ||
| 001 | 75998 | ||
| 007 | ta | ||
| 008 | 20110608b un ||||| |||| 00| 0 ukr d | ||
| 100 | _aБессалов А.В. | ||
| 090 |
_a330.43 _bБ53 |
||
| 942 | _cBK | ||
| 040 |
_aUA-OsUOA _brus _cUA-OsUOA _dUA-OsUOA |
||
| 245 |
_aЭконометрика _bучеб пос. для студ. эк. спец. вузов |
||
| 300 | _a196 с. | ||
| 955 | _a2 | ||
| 041 | _arus | ||
| 080 | _a330.43 | ||
| 020 | _a966-351-143-5 | ||
| 260 |
_aК. _bКондор _c2007 |
||
| 650 | 7 |
_a330 Економіка взагалі _2UDC |
|
| 999 |
_c362298 _d362298 |
||